Samojazdiace auto: kto bude prvý

Samojazdiace autá sú čoraz bližšie stať sa realitou. Veľké automobilky pracujú na vlastných projektoch autonómnych vozidiel. Hlavným dôvodom, ktorý hovorí v prospech samojazdiacich automobilov, je bezpečnosť. Spojenie samojazdiacich technológií s elektromobilitou umožňuje vstup na automobilový trh a...

Descrizione completa

Salvato in:
Dettagli Bibliografici
Autore principale: Kvašňák, Lukáš
Natura: Capitolo di libro
Lingua:slovacco
Soggetti:
Tags: Aggiungi Tag
Nessun Tag, puoi essere il primo ad aggiungerne!!

MARC

LEADER 00000naa a2200000 4500
001 0211776
005 20231113104747.4
041 0 |a slo 
044 |a SK 
245 1 0 |a Samojazdiace auto: kto bude prvý  |c Lukáš Kvašňák 
520 |a Samojazdiace autá sú čoraz bližšie stať sa realitou. Veľké automobilky pracujú na vlastných projektoch autonómnych vozidiel. Hlavným dôvodom, ktorý hovorí v prospech samojazdiacich automobilov, je bezpečnosť. Spojenie samojazdiacich technológií s elektromobilitou umožňuje vstup na automobilový trh aj novým hráčom. 
610 2 0 |a priemysel automobilový 
610 2 0 |a automobily osobné 
610 2 0 |a technológie nové 
610 2 0 |a inovácia 
610 2 0 |a firmy 
100 1 |a Kvašňák, Lukáš